Evaluación del estado de conservación de Wigginsia vorwerkiana (<Wenderman>) D. M. poster (<Cactaceae>) en las zonas semiáridas de la Sabana de Bogotá (Registro nro. 15136)
[ vista simple ]
| 000 -CABECERA | |
|---|---|
| Campo de control | 005410000a22001450004500 |
| 090 ## - CLASIFICACIÓN LOCAL | |
| Colección | AS |
| Consecutivo | Seriadas |
| 041 0# - IDIOMA | |
| Código de idioma para texto/pista de sonido o título separado | |
| 100 1# - ASIENTO PRINCIPAL--NOMBRE PERSONAL | |
| Nombre personal | Reyes García, Otto |
| 245 10 - MENCION DE TITULO | |
| Título | Evaluación del estado de conservación de Wigginsia vorwerkiana (<Wenderman>) D. M. poster (<Cactaceae>) en las zonas semiáridas de la Sabana de Bogotá |
| 500 ## - NOTA GENERAL | |
| Nota general | <Becas especiales focales> |
| 700 1# - ASIENTO SECUNDARIO - NOMBRE PERSONAL | |
| Nombre personal | Olmos Soler, Juan Ricardo |
| 700 1# - ASIENTO SECUNDARIO - NOMBRE PERSONAL | |
| Nombre personal | Rivera Ospina, David |
| 773 1# - Item fuente: | |
| Título | Perez Arbelaezia |
| Especificación de materiales | 317 |
| Descripción física | 12 |
| Paginas del Articulo | 66-73 |
| Lugar, editorial y fecha de publicación | 2001 |
| Información sobre la relación | 5 |
| 942 ## - ELEMENTOS ADICIONALES (KOHA) | |
| Tipo de ítem | Artículo |
No hay ítems disponibles.